000 02243nam0a2200361 4500
001 RU\NLR\BIBL_A\022741968
005 20260409001635.0
010 _a978-5-88458-761-8
_9150
035 _a(NLR Aleph) 022741968
090 _a13647386
_c13647386
100 _a20260303d2025 k y0rusy50 ca
101 0 _aeng
102 _aRU
105 _aa j 000yy
181 0 _ai3
_baxxe
182 0 _an
200 1 _aModern root canal irrigation protocols
_ethe educational and methodological manual
_fKopetsky I. S., Dr. med. sci., Prof., Avraamova O. G., Dr. med. sci., Prof., Pogabalo I. V., Dr. med. sci., Prof. [et al.]
_gFederal state autonomus educational institution of higher education "N. I. Pirogov Russian national research medical university" of the Ministry of health of the Russian Federation, Department of therapeutic dentistry, Faculty of dentistry
203 _aТекст
_bвизуальный
_cнепосредственный
210 _aMoscow
_cFSAEI HE N. I. Pirogov RNRMU of MOH of Russia (Pirogov university)
_d2025
215 _a43 с.
_cил., цв. ил.
_d21
300 _aВ вып. дан.: Современные протоколы ирригации корневых каналов: учебно-методическое пособие / Копецкий Игорь Сергеевич, Авраамова Ольга Георгиевна, Погабало Ирина Владимировна [и др.]
320 _a"Further reading": с. 42-43
517 1 _aСовременные протоколы ирригации корневых каналов
_eучебно-методическое пособие
606 1 _aКорневые каналы зубов
_jУчебно-методические пособия для высших учебных заведений
_xОбработка
_91150837
_3RU\NLR\AUTH\66459273
686 1 _aР661.21-52я73
701 1 _7ba
_8rus
_aKopeckij
_bI. S.
_gIgor' Sergeevič
_92702368
_3RU\NLR\AUTH\770291536
701 1 _aAvraamova
_bO. G.
_gOl'ga Georgievna
701 1 _aPogabalo
_bI. V.
_gIrina Vladimirovna
942 _cBOOK
980 _aNB